Statistics for NFL QBs with 7 Touchdowns in One Game

Click here to take the quiz!

General Stats

  • This quiz has been taken 231 times
  • The average score is 3 of 8

Answer Stats

YearTeamTeam AgainstAnswer% Correct
2015SaintsGiantsDrew Brees
100%
2013BroncosRavensPeyton Manning
91%
2013EaglesRaidersNick Foles
63%
1962GiantsRedskinsY.A. Tittle
28%
1943BearsGiantsSid Luckman
26%
1961Oilers (Titans)Titans (Jets)George Blanda
16%
1969VikingsColtsJoe Kapp
11%
1954EaglesRedskinsAdrian Burk
1%

Score Distribution

Percentile by Number Answered

Percent of People with Each Score

Your Score History

You have not taken this quiz